000 00412nam a22001817a 4500
003 MPLRDC
005 20220104172814.0
008 210129b ||||| |||| 00| 0 eng d
020 _a0-441-25312-1
082 _a870.57 WEI
100 _aJOHN WEITZ
245 _aFRIENDS IN HIGH PLACES
_c
250 _a初版
260 _a
_bCHARTER BOOKS
_c1982
300 _b
650 _a
942 _cBK
_o870.57 WEI
999 _c59121
_d59111